[Event "Pan American Intercollegiate-chT"]
[Site "Chess.com INT"]
[Date "2021.01.06"]
[Round "9"]
[White "Haskin, Zachary John"]
[Black "Pan, Christopher"]
[Result "1/2-1/2"]
[WhiteElo "1945"]
[BlackElo "2035"]
[PlyCount "137"]
[EventDate "2021.01.04"]
[EventType "team-swiss (rapid)"]
[EventRounds "9"]
[EventCountry "USA"]
[SourceTitle "CBM 200 Extra"]
[Source "ChessBase"]
[SourceDate "2021.03.31"]
[SourceVersion "1"]
[SourceVersionDate "2021.03.31"]
[SourceQuality "1"]
[WhiteTeam "Texas Tech Univ II"]
[BlackTeam "Berkeley California Univ V"]
[WhiteTeamCountry "USA"]
[BlackTeamCountry "USA"]

1. e4 b6 2. d4 Bb7 3. Nc3 d6 4. Be3 Nd7 5. f3 Ngf6 6. Qd2 g6 7. Nge2 Bg7 8. g4 e5 9. d5 Qe7 10. Nb5 Qd8 11. Qc3 0-0 12. Ng3 Ne8 13. h4 a6 14. Na3 Rc8 15. Qd2 c6 16. c4 cxd5 17. cxd5 Qe7 18. h5 Nc5 19. Bh6 a5 20. Bxg7 Kxg7 21. hxg6 fxg6 22. Qh6+ Kg8 23. Be2 Rf7 24. Nc4 Nd7 25. Ne3 Nf8 26. 0-0 Qf6 27. Rac1 Rxc1 28. Rxc1 Qf4 29. Qxf4 exf4 30. Nc4 fxg3 31. Nxb6 Rc7 32. Rxc7 Nxc7 33. Kg2 Kf7 34. Nc4 Ke7 35. Nxa5 Bc8 36. Nc6+ Kf6 37. Kxg3 g5 38. b4 Nd7 39. a4 Nb6 40. a5 Na4 41. b5 Nc3 42. b6 Nxe2+ 43. Kf2 Nc3 44. bxc7 Nb5 45. Ke3 Nxc7 46. Kd4 Ba6 47. Nb4 Be2 48. Ke3 Bb5 49. Kd4 Na6 50. Nc2 Be8 51. Ne3 Bg6 52. Nc4 Ke7 53. e5 dxe5+ 54. Kxe5 h5 55. gxh5 Bxh5 56. Kf5 Bxf3 57. Kxg5 Bxd5 58. Nb6 Be6 59. Kf4 Kd6 60. Ke4 Nc5+ 61. Kd4 Nb3+ 62. Kc3 Nxa5 63. Na4 Kc6 64. Kd4 Nb3+ 65. Ke3 Kd5 66. Nc3+ Kc4 67. Ne4 Bd5 68. Nd2+ Nxd2 69. Kxd2 1/2-1/2

[Event "Pan American Intercollegiate-chT"]
[Site "Chess.com INT"]
[Date "2021.01.05"]
[Round "5"]
[White "Pan, Christopher"]
[Black "Jaferian, Koosha"]
[Result "0-1"]
[WhiteElo "2035"]
[BlackElo "2163"]
[PlyCount "136"]
[EventDate "2021.01.04"]
[EventType "team-swiss (rapid)"]
[EventRounds "9"]
[EventCountry "USA"]
[SourceTitle "CBM 200 Extra"]
[Source "ChessBase"]
[SourceDate "2021.03.31"]
[SourceVersion "1"]
[SourceVersionDate "2021.03.31"]
[SourceQuality "1"]
[WhiteTeam "Berkeley California Univ V"]
[BlackTeam "Toronto"]
[WhiteTeamCountry "USA"]
[BlackTeamCountry "CAN"]

1. b3 d5 2. Bb2 Bf5 3. Nf3 e6 4. e3 h6 5. Be2 Nf6 6. d4 Bd6 7. 0-0 0-0 8. Nbd2 Nbd7 9. c4 c6 10. Rc1 a5 11. a3 Qb8 12. Re1 Ne4 13. Nf1 b5 14. cxd5 cxd5 15. Bd3 Ndf6 16. Ne5 Bh7 17. f3 Ng5 18. h4 Nge4 19. fxe4 dxe4 20. Be2 Qb7 21. Nd2 Nd5 22. Bf1 f6 23. Ng4 Bg3 24. Nf2 f5 25. Nh3 Bxh4 26. Qh5 Bxe1 27. Rxe1 Rac8 28. Nb1 Rc2 29. Bc1 Rfc8 30. Bd2 a4 31. b4 Rb2 32. Nf4 Nxf4 33. exf4 Qd5 34. Be3 Qa2 35. Rc1 Rbc2 36. Rxc2 Qxc2 37. Nd2 Qc3 38. Kf2 Qxa3 39. Bxb5 Qxb4 40. Bd7 Rf8 41. Bxe6+ Kh8 42. Qd1 Bg6 43. Qb1 Qd6 44. Bc4 Rb8 45. Qa2 a3 46. Nb3 Qb4 47. Bd5 Rd8 48. Bd2 Qa4 49. Nc1 Qxd4+ 50. Be3 Qxd5 51. Qxa3 Rc8 52. Ne2 Rc2 53. Ke1 Qd3 54. Qxd3 exd3 55. Nc1 Rxg2 56. Nxd3 Be8 57. Nf2 Rg6 58. Ke2 Ra6 59. Bd4 Bc6 60. Be5 Kg8 61. Nd1 Ra3 62. Ne3 Be4 63. Nc4 Ra2+ 64. Ke3 h5 65. Nd2 h4 66. Nf1 h3 67. Ng3 h2 68. Bd4 h1Q 0-1

[Event "Pan American Intercollegiate-chT"]
[Site "Chess.com INT"]
[Date "2021.01.04"]
[Round "3"]
[White "Frenkel, Benjamin"]
[Black "Pan, Christopher"]
[Result "1-0"]
[WhiteElo "2129"]
[BlackElo "2035"]
[PlyCount "141"]
[EventDate "2021.01.04"]
[EventType "team-swiss (rapid)"]
[EventRounds "9"]
[EventCountry "USA"]
[SourceTitle "CBM 200 Extra"]
[Source "ChessBase"]
[SourceDate "2021.03.31"]
[SourceVersion "1"]
[SourceVersionDate "2021.03.31"]
[SourceQuality "1"]
[WhiteTeam "Texas Dallas Univ IV"]
[BlackTeam "Berkeley California Univ V"]
[WhiteTeamCountry "USA"]
[BlackTeamCountry "USA"]

1. d4 b6 2. e4 Bb7 3. Bd3 Nf6 4. Qe2 d6 5. Nf3 Nbd7 6. 0-0 e5 7. c3 g6 8. Nbd2 Bg7 9. Nc4 Qe7 10. Re1 0-0 11. Bg5 h6 12. Bd2 Rfe8 13. d5 c6 14. dxc6 Bxc6 15. b4 Nf8 16. a4 Rab8 17. b5 Ba8 18. a5 Ne6 19. axb6 axb6 20. Be3 Qc7 21. Ra6 Nc5 22. Bxc5 Qxc5 23. Rea1 Bb7 24. Rxb6 d5 25. Rxb7 Rxb7 26. Ncxe5 dxe4 27. Bxe4 Nxe4 28. Qxe4 Rbe7 29. Qc6 Rxe5 30. Nxe5 Qxe5 31. g3 Re6 32. Ra8+ Kh7 33. Qc8 Qe1+ 34. Kg2 Qe4+ 35. Kg1 g5 36. c4 Qf3 37. Qg8+ Kg6 38. Ra6 Qf6 39. Qc8 Rxa6 40. bxa6 Qe7 41. Qc6+ Kh7 42. Qd5 Qa7 43. Qd3+ Kg8 44. Qd8+ Bf8 45. Qf6 Kh7 46. Kg2 Bc5 47. Kg1 Bd4 48. Qf3 Kg7 49. Qa3 Bxf2+ 50. Kg2 Bc5 51. Qa1+ Bd4 52. Qa2 Qa8+ 53. Kh3 g4+ 54. Kxg4 Qe4+ 55. Kh3 h5 56. Qd2 Qg4+ 57. Kg2 Qe4+ 58. Kh3 Qe6+ 59. Kg2 Qe3 60. Qxe3 Bxe3 61. Kf3 Ba7 62. Ke4 Kf6 63. Kd5 Ke7 64. Kc6 Kd8 65. c5 f5 66. Kd6 h4 67. c6 hxg3 68. hxg3 Kc8 69. Ke6 Kc7 70. Kxf5 Kxc6 71. Ke4 1-0

[Event "USA-ch High School K12"]
[Site "Schaumburg"]
[Date "2019.03.17"]
[Round "6"]
[White "Pan, Christopher"]
[Black "Kumar, Nikhil"]
[Result "0-1"]
[WhiteElo "2045"]
[BlackElo "2273"]
[PlyCount "70"]
[EventDate "2019.03.15"]
[EventType "swiss"]
[EventRounds "7"]
[EventCountry "USA"]
[SourceTitle "CBM 189 Extra"]
[Source "ChessBase"]
[SourceDate "2019.06.03"]
[SourceVersion "1"]
[SourceVersionDate "2019.06.03"]
[SourceQuality "1"]

1. b3 d5 2. Bb2 Nf6 3. e3 c5 4. Nf3 e6 5. Be2 Nc6 6. d4 Be7 7. 0-0 0-0 8. dxc5 Bxc5 9. Nbd2 Qe7 10. a3 a5 11. c4 Rd8 12. Qc2 b6 13. Bd3 h6 14. e4 dxc4 15. Nxc4 Bb7 16. Qe2 Nd4 17. Nxd4 Bxd4 18. Bxd4 Rxd4 19. f3 Rad8 20. Rfd1 Qc5 21. Kh1 Ba6 22. g3 a4 23. b4 Qc7 24. Nb2 Bxd3 25. Nxd3 Qc4 26. Rac1 Qb3 27. Nf2 Rxd1+ 28. Rxd1 Rxd1+ 29. Qxd1 Qxa3 30. Qd8+ Kh7 31. Qxb6 Qxf3+ 32. Kg1 a3 33. Qd4 a2 34. Qb2 Ng4 35. Qxa2 Ne3 0-1

[Event "American op 53rd"]
[Site "Costa Mesa"]
[Date "2017.11.23"]
[Round "1"]
[White "Pan, Christopher"]
[Black "Abrahamyan, Tatev"]
[Result "1/2-1/2"]
[WhiteElo "2049"]
[BlackElo "2332"]
[PlyCount "84"]
[EventDate "2017.11.23"]
[EventType "swiss"]
[EventRounds "8"]
[EventCountry "USA"]
[SourceTitle "EXT 2019"]
[Source "ChessBase"]
[SourceDate "2018.10.10"]
[SourceVersion "1"]
[SourceVersionDate "2018.10.10"]
[SourceQuality "1"]

1. e4 e6 2. d4 d5 3. Nd2 a6 4. Bd3 c5 5. dxc5 Bxc5 6. Ngf3 Nc6 7. c3 Nf6 8. Qe2 0-0 9. e5 Nd7 10. Nb3 Be7 11. Nbd4 Nc5 12. Bc2 a5 13. 0-0 f5 14. exf6 Bxf6 15. Re1 Qe7 16. Be3 Bd7 17. Rad1 Rae8 18. Nxc6 Bxc6 19. Bd4 Bxd4 20. cxd4 Nd7 21. Ne5 Nxe5 22. Qxe5 Rf6 23. f4 Qb4 24. b3 Qc3 25. Bb1 Ref8 26. g3 Qb4 27. Qe2 a4 28. Qd2 Qxd2 29. Rxd2 Ra8 30. Rde2 axb3 31. axb3 Bb5 32. Re3 Ra6 33. Bc2 Rb6 34. Bd1 Bd7 35. Bg4 g6 36. Kf2 Kf7 37. Rc3 Ke7 38. Ke3 Rf8 39. Ra1 Rb4 40. Bd1 Kd6 41. Bc2 Bb5 42. h4 Bd7 1/2-1/2

[Event "Windsor NAYCC U16"]
[Site "Windsor"]
[Date "2016.08.11"]
[Round "9.38"]
[White "Pan, Christopher"]
[Black "Perkins, Josiah"]
[Result "1/2-1/2"]
[WhiteElo "1975"]
[BlackElo "1759"]
[PlyCount "72"]
[EventDate "2016.08.07"]
[EventType "swiss"]
[EventRounds "9"]
[EventCountry "CAN"]
[SourceTitle "EXT 2022"]
[Source "ChessBase"]
[SourceDate "2021.10.06"]
[SourceVersion "1"]
[SourceVersionDate "2021.10.06"]
[SourceQuality "1"]

1. e4 e6 2. d4 d5 3. Nd2 Nf6 4. e5 Nfd7 5. f4 c5 6. c3 Nc6 7. Ndf3 Qb6 8. Ne2 Be7 9. g3 f5 10. Bh3 h6 11. g4 g6 12. 0-0 Nf8 13. Kh1 Bd7 14. a3 c4 15. Nd2 Na5 16. gxf5 gxf5 17. Rb1 Nb3 18. Nxb3 Ba4 19. Be3 Bxb3 20. Qe1 a5 21. Bf2 0-0-0 22. Rc1 Ng6 23. Rg1 Rdg8 24. Rg2 Qd8 25. Qd2 Bh4 26. Rcg1 Bxf2 27. Rxf2 Nh4 28. Qe3 Rxg1+ 29. Nxg1 Rg8 30. Nf3 Bd1 31. Bg2 Rxg2 32. Nxh4 Rxf2 33. Qxf2 Qg8 34. h3 Kc7 35. Kh2 Kb6 36. Ng2 Qg7 1/2-1/2

[Event "Windsor NAYCC U16"]
[Site "Windsor"]
[Date "2016.08.10"]
[Round "6.39"]
[White "Pan, Christopher"]
[Black "Zhu, Brandon"]
[Result "1-0"]
[WhiteElo "1975"]
[BlackElo "1861"]
[PlyCount "85"]
[EventDate "2016.08.07"]
[EventType "swiss"]
[EventRounds "9"]
[EventCountry "CAN"]
[SourceTitle "EXT 2022"]
[Source "ChessBase"]
[SourceDate "2021.10.06"]
[SourceVersion "1"]
[SourceVersionDate "2021.10.06"]
[SourceQuality "1"]

1. e4 d5 2. exd5 Nf6 3. d4 Bg4 4. Nf3 Qxd5 5. Be2 e6 6. h3 Bh5 7. 0-0 Nc6 8. Be3 Be7 9. Nbd2 0-0 10. a3 a5 11. c3 b5 12. g4 Bg6 13. Nh4 Rab8 14. Nxg6 hxg6 15. g5 Ne8 16. Bf3 Qd7 17. b4 axb4 18. axb4 Nd6 19. Ne4 Nf5 20. Bf4 Bd6 21. Nxd6 cxd6 22. Qd3 Rb6 23. Be4 Nce7 24. Ra5 d5 25. Bxf5 Nxf5 26. Rfa1 Qc6 27. Ra7 Rc8 28. R1a3 Rb7 29. R7a6 Qd7 30. Qf3 f6 31. Qg4 Kf7 32. Ra8 Qe8 33. R8a7 Qc6 34. R7a6 Qe8 35. Ra7 Re7 36. h4 Qh8 37. gxf6 gxf6 38. Rxe7+ Nxe7 39. Ra7 f5 40. Qg5 Re8 41. Be5 Qf8 42. Qf6+ Kg8 43. Qh8+ 1-0

[Event "Windsor NAYCC U16"]
[Site "Windsor"]
[Date "2016.08.09"]
[Round "5.40"]
[White "Zhao, Harry"]
[Black "Pan, Christopher"]
[Result "1/2-1/2"]
[WhiteElo "1809"]
[BlackElo "1975"]
[PlyCount "84"]
[EventDate "2016.08.07"]
[EventType "swiss"]
[EventRounds "9"]
[EventCountry "CAN"]
[SourceTitle "EXT 2022"]
[Source "ChessBase"]
[SourceDate "2021.10.06"]
[SourceVersion "1"]
[SourceVersionDate "2021.10.06"]
[SourceQuality "1"]

1. d4 Nf6 2. Nf3 g6 3. Nbd2 d5 4. e3 Bg7 5. b4 c6 6. c4 Bg4 7. Be2 Nbd7 8. Bb2 e6 9. 0-0 0-0 10. a4 Re8 11. b5 c5 12. h3 Bxf3 13. Nxf3 cxd4 14. Nxd4 e5 15. Nb3 dxc4 16. Bxc4 Rc8 17. Qe2 Nb6 18. Rfc1 Qd7 19. Nd2 e4 20. Bb3 Qf5 21. a5 Nbd7 22. Rxc8 Rxc8 23. Bd4 Nd5 24. Qg4 Qxg4 25. hxg4 Nc3 26. Bxc3 Rxc3 27. Rb1 Nc5 28. Kf1 Kf8 29. Ke2 f5 30. gxf5 gxf5 31. Bd5 b6 32. axb6 axb6 33. Rh1 Rc2 34. Kd1 Rb2 35. Rxh7 Nd3 36. Rh5 Nxf2+ 37. Ke2 Bc3 38. Rxf5+ Kg7 39. Kxf2 Rxd2+ 40. Kg3 Re2 41. Bxe4 Rxe3+ 42. Bf3 Re5 1/2-1/2

[Event "Windsor NAYCC U16"]
[Site "Windsor"]
[Date "2016.08.07"]
[Round "1.43"]
[White "Chasin, Nico Werner"]
[Black "Pan, Christopher"]
[Result "1-0"]
[WhiteElo "1752"]
[BlackElo "1975"]
[PlyCount "157"]
[EventDate "2016.08.07"]
[EventType "swiss"]
[EventRounds "9"]
[EventCountry "CAN"]
[SourceTitle "EXT 2022"]
[Source "ChessBase"]
[SourceDate "2021.10.06"]
[SourceVersion "1"]
[SourceVersionDate "2021.10.06"]
[SourceQuality "1"]

1. d4 Nf6 2. Nf3 g6 3. g3 Bg7 4. Bg2 0-0 5. 0-0 d6 6. Nbd2 Nbd7 7. b3 Re8 8. Bb2 c5 9. dxc5 Nxc5 10. c4 Rb8 11. b4 Ne6 12. Qa4 a6 13. Rfd1 b5 14. cxb5 axb5 15. Qb3 Bb7 16. Bh3 Nc7 17. Rac1 Bc8 18. Ng5 Rf8 19. Bxc8 Rxc8 20. Rc2 Qd7 21. Ndf3 h6 22. Ne5 Qe8 23. Nexf7 Rxf7 24. Nxf7 Qxf7 25. Qxf7+ Kxf7 26. Bxf6 Bxf6 27. Rdc1 Ra8 28. Rxc7 Rxa2 29. Rb7 Rxe2 30. Rxb5 Rb2 31. Rd1 Bc3 32. Rd3 Rxb4 33. Rf3+ Kg7 34. Rxb4 Bxb4 35. Rb3 Bc5 36. Kf1 Kf6 37. Ke2 e5 38. f3 Kf5 39. Rb8 h5 40. h4 Ba7 41. Rf8+ Ke6 42. g4 hxg4 43. fxg4 Ke7 44. Ra8 Bd4 45. Kf3 d5 46. Ra6 Kf7 47. Rd6 e4+ 48. Ke2 Be5 49. Rxd5 Bg3 50. h5 gxh5 51. Rxh5 Kg6 52. Ke3 Bd6 53. Kxe4 Be7 54. Ke5 Bg5 55. Ke6 Be3 56. Ke7 Bg5+ 57. Kf8 Bh6+ 58. Ke8 Bg5 59. Rh8 Kg7 60. Rh1 Kg6 61. Rf1 Be3 62. Rf5 Bd2 63. Kf8 Bb4+ 64. Ke8 Ba3 65. Kd7 Bc1 66. Kd6 Bb2 67. Kd5 Bf6 68. Ke4 Bd8 69. Kf3 Be7 70. Rd5 Kh6 71. Kf4 Kg6 72. g5 Bb4 73. Kg4 Ba3 74. Ra5 Bb4 75. Ra6+ Kg7 76. Kf5 Bc5 77. Rc6 Bf8 78. Rc7+ Kh8 79. Kg6 1-0